| 000 | 00737nam a22002057a 4500 | ||
|---|---|---|---|
| 003 | OSt | ||
| 005 | 20171019181404.0 | ||
| 008 | 171019s2012 sp | ||||o000 0 cat d | ||
| 020 | _a9788449028557 | ||
| 040 |
_aSpMaBN _bcat _cCDMR |
||
| 245 | 0 | 3 |
_aLa divulgació en els nous formats televisius _cMargarida Bassols (coordinadora) ; Anna Cros, Anna M. Torrent, Albert Rico ... [et al.] |
| 250 | _a1ª ed. | ||
| 260 |
_aBellaterra, Cerdanyola del Vallès _bUniversitat Autònoma de Barcelona, Servei de Publicacions _c2012 |
||
| 300 |
_a156 p. _c24 cm |
||
| 504 | _aBibliografía: p. 153-156 | ||
| 650 | 7 |
_aTelevisión _xProgramas científicos _zCataluña _2embne |
|
| 700 | 1 | _aBassols, Maria Margarida | |
| 700 | 1 | _aCros, Anna | |
| 942 | _cMON | ||
| 999 |
_c7071 _d7071 |
||